000 00396nam a2200109Ia 4500
008 171212s9999 xx 000 0 und d
100 _aPeel, J.D.Y.
245 _cPeel, J.D.Y.
_aChristianity, Islam, and Orisa-Religion
_bThree Traditions in Comparison and Interaction
260 _bUniversity of California Press
_c2016
650 _aReligion
856 _uhttp://jstor.org/stable/10.1525/j.ctt1ffjng5
999 _c352964
_d352964